Statistics for Finish the Disney lyrics

Click here to take the quiz!

General Stats

  • This quiz has been taken 302 times
  • The average score is 3 of 15

Answer Stats

HintAnswer% Correct
Mulan- Did they send me DaughtersWhen I asked for sons
89%
Beauty and the Beast-They can Sing They can DanceAfter All Miss this is France
45%
Toy Story- And as the Years Go ByOur Friendship Will Never Die
36%
Moana- I Killed an Eel Buried it's GutsSprouted a Tree Now You got Coconuts
31%
Hercules- No Chance No way I won't say it No NoYou Swoon You Sigh
26%
The Greatest Showman- So Trade Your TypicalFor Something Colorful
23%
The Princess and the Frog- You Gotta Dig a Little DeeperFind out Who You Are
20%
Tangled- I've got Scars and Lumps and Bruises Plus something Here that Oozesand Let's Not Even Mention My Complexion
16%
Frozen- People Smell Better than Reindeers Sven don't You Think I'm RightThat's Once Again True for All Except You
16%
The Nightmare Before Christmas- I am the One Hiding Under Your StairsFingers Like Snakes and Spiders in My Hair
9%
DuckTales- D-D-D- Danger! Watch behind YouThere's a Stranger Out To Find You
9%
Aladdin- So don't Sit there All Slack-Jawed, Buggy-EyedI'm here to Answer All Your Midday Prayers
3%
The little Mermaid- Sha La La La La La My Oh MyLooks Like the Boys to Shy
3%
The Lion King- Free to Run Away All DayWell that's Definitely Out
3%
Pinocchio- I Want the World to KnowNothing Ever Worries Me
0%

Score Distribution

Percentile by Number Answered

Percent of People with Each Score

Your Score History

You have not taken this quiz